Statistics for Guess the Celebrity by their Picture #15

Click here to take the quiz!

General Stats

  • This quiz has been taken 94 times
    (78 since last reset)
  • The average score is 5 of 16

Answer Stats

Answer% Correct
Hugh Jackman
77%
Stefani Germanotta
64%
Helena Bonham Carter
58%
Paul Walker
53%
Freddie Mercury
49%
Frank Sinatra
47%
Gwen Stefani
36%
Ella Marija Lani Yelich-O'Connor
32%
Zooey Deschanel
26%
Armie Hammer
17%
John Candy
13%
Kenny Chesney
8%
William Fichtner
4%
Amy Lee
2%
Michael Trevino
2%
Jessica McNamee
0%

Score Distribution

Percentile by Number Answered

Percent of People with Each Score

Your Score History

You have not taken this quiz since the last reset